Регионална библиотека "Любен Каравелов" - Русе

За свикването на XII конгрес на БКП (Запис номер 185222)

MARC детайли
000 -Лидер
Контролно поле с фиксирана дължина 01479nam a2200325 c 4500
003 - Код на организацията, давaща контролен номер
Контролно поле BLK
005 - Дата и час на последна редакция
Контролно поле 20240405005357.0
008 - Елементи от данни с фиксирана дължина
fixed length control field 180411b bul|||||r ||||||| ||bul||
010 ## - Наследен системен номер
LC control number KNG00194215000
040 ## - Източник на каталожния запис
Идентификатор на билиотеката - собственик на записа BLK
041 ## - Код за език
Код за езика на текст/звукозапис или на отделно заглавие Български
Код за езика КДБФ Български
080 ## - УДК
Текстов определител УДК Комунистически партии. Вж и 327.323
УДК код - определител по УДК 329.15
УДК определител (497.2)БКП(042)
УДК - код + определител 329.15(497.2)БКП(042)
100 ## - Редна дума - Автор
Автор Живков, Тодор Христов
Дати, свързани с автора 1911 - 1998
Автор - информация (биография) Български политик, БКП. Първи секретар и генерален секретар на ЦК на БКП, председател на Министерския съвет и председател на Държавния съвет на НРБ
R(LIN) 365041
139 ## - Редно поле
Редна дума Живков, Тодор Христов
Авторски знак Живк - Ж 48
245 10 - Сведения за заглавието
Заглавие За свикването на XII конгрес на БКП
Подзаглавни данни Докл. пред пленума на ЦК на БКП, 29 юли 1980 г.
Редно поле (дума) Тодор Христов Живков.
257 ## - Страна на издаване
Страна на създаване/издаване България
260 ## - Област на издателските данни
-- София
Име на издателя, разпространителя и проч. Партиздат
Година на издаване 1980
300 ## - Физическа характеристика
Страници 24 с.
Размери/Мащаб 17 см
380 ## - Жанр
Жанр Обществени науки
650 #4 - Допълнително описание по предмет – тема
Основно описание – тема или топоним БКП - конгреси, пленуми, конференции
9 (RLIN) 274639
653 ## - Ключова дума – ненормативна
Ключова дума БКП
653 ## - Ключова дума – ненормативна
Ключова дума пленуми
653 ## - Ключова дума – ненормативна
Ключова дума доклади
852 ## - Местоположение
Форматна сигнатура Цб І 18155
856 4# - Електронен адрес и достъп
Електронен формат pdf - файл
Път до файла /url/
856 4# - Електронен адрес и достъп
Електронен формат pdf - файл
Път до файла /url/
942 ## - АРТИКУЛИ
Вид на библиотечния материал Книги
Скрит в OPAC Не
944 ## - СЪЗДАВАНЕ И РЕДАКЦИЯ на ЗАПИСА
Създаване/Редакция Създаване
Дата на регистрацията/редакция 21.10.2016
Служител, извършил регистрацията/редакцията
Статус, дата на статуса CRON CRON
944 ## - СЪЗДАВАНЕ И РЕДАКЦИЯ на ЗАПИСА
Създаване/Редакция Редакция
Дата на регистрацията/редакция 21.10.2016
Служител, извършил регистрацията/редакцията Христина_Везирева
999 ## - СИСТЕМНИ КОНТРОЛНИ НОМЕРА
Koha biblionumber 185222
Koha biblioitemnumber 185222
Наличности
Код за отписване Код за изгубен артикул Източник на класификационната схема Код за повреда Коз за рестрикции Код за отдаване Артикулен № Име на библиотеката - собственик Име на библиотеката, в която се намира в момента Статус (Текущо местоположение) Дата на вписване в системата Местоположение - отдел Цена в лева Инвентарен номер Систематично азбучна сигнатура Баркод Номер на екземпляра Цена в евро Служебна бележка Служебен тип на артикула
  Не е изгубен Universal Decimal Classification Не е повреден без рестрикции ползва се в читалня 320704 Регионална библиотека "Любен Каравелов" Русе Регионална библиотека "Любен Каравелов" Русе Хранилище 1980-01-01 Хранилище 0.20 307107 Цб І 18155 120000307107 1 0.10 Вид: Сф N: стар фонд Дата: 01.01.1980 Книги
Изтеглен Не е изгубен Universal Decimal Classification Не е повреден без рестрикции заемане за дома 320705 Регионална библиотека "Любен Каравелов" Русе Регионална библиотека "Любен Каравелов" Русе Заемна - подръчен фонд 1980-01-01 Заемна - подръчен фонд 0.25 307609 329.15(497.2)/Ж 48 307609 2 0.13 Вид: Сф N: стар фонд Дата: 01.01.1980 Книги
Изтеглен Не е изгубен Universal Decimal Classification Не е повреден без рестрикции заемане за дома 320706 Регионална библиотека "Любен Каравелов" Русе Регионална библиотека "Любен Каравелов" Русе Заемна - подръчен фонд 1980-01-01 Заемна - подръчен фонд 0.25 307611 329.15(497.2)/Ж 48 307611 3 0.13 Вид: Сф N: стар фонд Дата: 01.01.1980 Книги
Изтеглен Не е изгубен Universal Decimal Classification Не е повреден без рестрикции заемане за дома 320707 Регионална библиотека "Любен Каравелов" Русе Регионална библиотека "Любен Каравелов" Русе Заемна - подръчен фонд 1980-01-01 Заемна - подръчен фонд 0.25 307612 329.15(497.2)/Ж 48 307612 4 0.13 Вид: Сф N: стар фонд Дата: 01.01.1980 Книги
Vip Innovations Ltd, Rousse, Bulgaria 2025